Aplikácia IFRS a národnej úpravy účtovníctva SR na vybrané účtovné problematiky diplomová práca

Guardado en:
Detalles Bibliográficos
Autor principal: Lepieš, Matej, 1986-
Autor Corporativo: Fakulta hospodárskej informatiky EU. Katedra účtovníctva a audítorstva
Otros Autores: Mokošová, Daša, 1979-
Formato: Libro
Lenguaje:eslovaco
Publicado: Bratislava 2010
Etiquetas: Agregar Etiqueta
Sin Etiquetas, Sea el primero en etiquetar este registro!

MARC

LEADER 00000nam$a2200000$$$4500
001 0119415
005 20240318121827.7
041 0 |a slo 
044 |a SK 
245 1 0 |a Aplikácia IFRS a národnej úpravy účtovníctva SR na vybrané účtovné problematiky  |b diplomová práca  |c Matej Lepieš ; škol. Daša Mokošová 
264 1 |a Bratislava  |c 2010 
300 |a 63 s. 
100 1 |a Lepieš, Matej, 1986- 
700 1 |a Mokošová, Daša, 1979- 
710 2 |a Fakulta hospodárskej informatiky EU. Katedra účtovníctva a audítorstva